Humanae vitae 14: una propuesta desde Amoris laetitia.
Uloženo v:
| Hlavní autor: | |
|---|---|
| Médium: | Kniha |
| Jazyk: | španělština |
| Vydáno: |
Maliaño, España:
Sal Terrae,
2018.
|
| Edice: | Colección Presencia Teológica,
|
| Témata: | |
| Tagy: |
Přidat tag
Žádné tagy, Buďte první, kdo vytvoří štítek k tomuto záznamu!
|
MARC
| LEADER | 00000cam a2200000 a 4500 | ||
|---|---|---|---|
| 001 | UCC4343 | ||
| 003 | CL-VaPUC | ||
| 005 | 20250407103029.0 | ||
| 008 | 180727t20180000sp |||||||||||||||||spa|d | ||
| 999 | |c 371895 |d 371893 | ||
| 020 | |a 978-84-293-2742-7 | ||
| 040 | |c Pontificia Universidad Católica de Valparaíso | ||
| 082 | 0 | 4 | |a 262.91 TOR 2018 |2 21 |
| 100 | |a Torre Díaz, Francisco Javier de la |e autor |9 598549 | ||
| 245 | 1 | 0 | |a Humanae vitae 14: una propuesta desde Amoris laetitia. |
| 260 | |a Maliaño, España: |b Sal Terrae, |c 2018. | ||
| 300 | |a 677 páginas. | ||
| 490 | 0 | |a Colección Presencia Teológica, |n 262. | |
| 500 | |a c.2 Donación Sr. Jorge Precht Pizarro. 26-05-23. Biblioteca Teología. | ||
| 583 | |a last modification |c 20180727 12:54:00 |k Rodrigo Vera | ||
| 600 | 0 | |a Pablo VI, |q Battista Montini, Giovanni, |c Papa |d 1897-1978 |x Biografías |t Humanae vitae |9 880934 | |
| 600 | 0 | |a Francisco, |c Papa |x Pontificado, 2013- |t Amoris laetitia |9 583180 | |
| 650 | 0 | |a Documentos pontificios |9 255642 |y Siglos 20 y 21 | |
| 942 | |c BK |2 ddc | ||
| 945 | |d 20180727 12:54:00 |a dcastane | ||
| 952 | |0 0 |1 0 |3 erb |4 0 |6 262_910000000000000_TOR_2018 |7 0 |8 A |9 489101 |a BIBTEO |b BIBTEO |i 5483980 |o 262.91 TOR 2018 |p 5483980 |r 2025-01-17 |w 2019-11-24 |y BK |z Catalogado en:20180727 |k ICR | ||
| 952 | |0 0 |1 0 |2 ddc |4 0 |6 262_910000000000000_TOR_2018 |7 0 |8 A |9 591077 |a BIBTEO |b BIBTEO |c GEN |d 2023-08-01 |e Donación |i 5658244 |o 262.91 TOR 2018 |p 5658244 |r 2025-01-17 |t 2 |w 2023-08-01 |y BK |k ICR | ||